| 000 | 01399cam a2200373 a 4500 | ||
|---|---|---|---|
| 001 | 15414345 | ||
| 003 | SISC | ||
| 005 | 20160308094015.0 | ||
| 008 | 080815s2009 ilua 001 0 spa | ||
| 010 | _a 2008935416 | ||
| 020 | _a9780071615587 (pbk. w/ MP3 disk set : acidfree paper) | ||
| 020 | _a007161558X (pbk. w/ MP3 disk set : acidfree paper) | ||
| 020 | _a9780071615594 (pbk. : acidfree paper) | ||
| 020 | _a0071615598 (pbk. : acidfree paper) | ||
| 040 |
_aDLC _cDLC _dDLC |
||
| 041 | 0 |
_aspa _aeng |
|
| 050 | 0 | 0 |
_aPN 6491 _b.Ap74 2009 |
| 082 |
_aHS 468.2 _bAp1 2009 |
||
| 100 | 1 |
_aAparicio, Eduardo. _912372 |
|
| 245 | 1 | 0 |
_a101 Spanish proverbs / _cEduardo Aparicio ; illustrated by Luc Nisset |
| 246 | 3 | _aOne hundred and one Spanish proverbs | |
| 260 |
_aChicago, IL : _bMcGraw-Hill, _cc2009. |
||
| 300 |
_a148 p. : _bill. ; _c23 cm. |
||
| 490 | 0 | _a101 proverbs | |
| 500 | _aIncludes index. | ||
| 546 | _aSpanish and English. | ||
| 650 | 0 |
_aProverbs, Spanish. _912373 |
|
| 650 | 0 |
_aSpanish language _vTextbooks for foreign speakers _xEnglish. _912374 |
|
| 700 | 1 |
_aNisset, Luc. _910977 |
|
| 906 |
_a7 _bcbc _corignew _d2 _eepcn _f20 _gy-gencatlg |
||
| 942 |
_2lcc _cBK |
||
| 999 |
_c9086 _d9086 |
||